000 00502nam a22001697a 4500
005 20240925092507.0
008 240925b |||||||| |||| 00| 0 eng d
020 _a0409006041
041 _aEnglish
082 _a348 SOU
100 _lEnglish
245 _aThe South African Encyclopaedia of Forms and Precedents /
_cC Weinberg
260 _aDurban:
_bButterworths,
_c1986
300 _bviii, 441 pages;
_c26 cm.
650 _aLegal practice
_bLaw
942 _cBK
_6ALISON_BN_VRIES
999 _c3134
_d3134